| 000 | 01046nas a2200301 4500 | ||
|---|---|---|---|
| 001 | BR2012006531 | ||
| 003 | BR-BrBNA | ||
| 005 | 20231205121059.0 | ||
| 007 | ta | ||
| 008 | 230509b bl.|||p| |||| 00| 00por d | ||
| 040 |
_aBR-BrBNA _bpor _cBiblioteca Nacional de Agricultura |
||
| 041 | _a(Pt) | ||
| 072 | _aF02; F62 | ||
| 100 | 1 | _aAraújo, A.G. de | |
| 100 | 1 | _aPasqual, M. | |
| 100 | 1 | _aPereira, A.R. | |
| 100 | 1 | _aRocha, H.S. | |
| 245 | 1 | _aCrescimento in vitro de Laelia tenebrosa (Orchidaceae)em diferentes concentrações de sais de Knudson C e carvão ativado | |
| 246 | 1 | _aIn vitro growth of Laelia tenebrosa (Orchidaceae)in different concentrations of Knudson C and activated charcoal | |
| 650 | _aORQUÍDEA | ||
| 650 | _aORCHIDACEAE | ||
| 650 | _aPROPAGAÇÃO VEGETATIVA | ||
| 650 | _aCULTURA IN VITRO | ||
| 650 | _aCRESCIMENTO | ||
| 773 | 0 |
_tPlant Cell Culture e Micropropagation (Brazil) _xISSN 1808-9909 _g(2006), v. 2(2) p. 61-67 _wBR2012006531 |
|
| 909 |
_a202311 _bLúcia _c55 _dLúcia Elande |
||
| 942 |
_2AGRIS _n0 _cANA |
||
| 999 |
_c221745 _d221745 |
||